000 00495nam a2200181Ia 4500
008 100920s9999 xx 000 0 und d
082 _b90691
_a24 न 04
100 _aभावे अपर्णा.
245 _aनिवड.
260 _bपायल पब्लिकेशन, पुणे.
_c2004
300 _a200
_bसाधी
365 _b170
520 _aसायो.
630 _aनिवड.
650 _aसायो.
730 _aनिवड.
942 _cBOOK
999 _c731175
_d731172